|
|
|
|
| LEADER |
00962nam a22002177a 4500 |
| 001 |
AAL4309 |
| 003 |
BD-DhAAL |
| 005 |
20160315100201.0 |
| 008 |
160315s 2002bg ||||| |||| 00| 0 ben d |
| 040 |
|
|
|a BD-DhAAL
|c BD-DhAAL
|
| 082 |
|
|
|a 891.4437
|
| 100 |
|
|
|a বসু, ম্যাক্সিম গোর্কি পুস্পময়ী
|9 18524
|
| 245 |
|
|
|a আমার ছেলেবেলা /
|c ম্যাক্সিম গোর্কি পুস্পময়ী বসু
|
| 260 |
|
|
|a ঢাকা :
|b দি স্কাই পাবলিশার্স,
|c ২০০২
|
| 300 |
|
|
|a ১৭৬ পৃ. ;
|c ২২ সে.মি.
|
| 541 |
|
|
|e 4309
|
| 650 |
|
|
|a Bengali Fiction
|9 18525
|
| 852 |
|
|
|a Savar Campus Library
|c General Shelf
|
| 942 |
|
|
|2 ddc
|c BK
|
| 999 |
|
|
|c 37119
|d 37119
|
| 952 |
|
|
|0 0
|1 0
|2 ddc
|4 0
|6 891_443700000000000_BAS
|7 0
|9 58382
|a SCL
|b SCL
|c GEN
|d 2016-03-15
|g 110.00
|l 3
|m 9
|o 891.4437 BAS
|p 3020004309
|r 2020-03-01
|s 2020-01-20
|t 1
|w 2016-03-15
|y BK
|